banner-ar

بانوراما الحياة السياحية / (Record no. 2876)

MARC details
000 -الفاتح
حقل البيانات ثابتة الطول 00811nam a2200241Ia 4500
008 - عناصر البيانات ثابتة الطول - معلومات عامة
حقل البيانات ثابتة الطول 140319s9999 xx 000 0 ara d
020 ## - الرقم الدولى المعيارى للكتب
الرقم الدولى المعيارى للكتاب 2270305977
040 ## - مصدر الفهرسة
وكالة الفهرسة الأصلية GCL /
وكالة النسخ GCL
082 04 - رقم تصنيف ديوى العشرى
رقم التصنيف 338.4791
رقم المادة م ب
100 1# - المدخل الرئيسى - إسم شخصى
الإسم الشخصى عطية محمد شحاته(مترجم)
245 10 - بيان العنوان
العنوان بانوراما الحياة السياحية /
بيان المسئوليه,etc عطية محمد شحاته(مترجم)
700 1# - المدخل الاضافى - اسم شخصى
الإسم الشخصى ماكنتوش ، روبرت
700 1# - المدخل الاضافى - اسم شخصى
الإسم الشخصى جيولدنر ، تشارلز
700 1# - المدخل الاضافى - اسم شخصى
الإسم الشخصى ريتشى ، جى .ار .برنت
250 ## - بيان الطبعة
بيان الطبعة الاولى
260 ## - PUBLICATION, DISTRIBUTION, ETC. (IMPRINT)
تاريخ النشر أو التوزيع 2002
300 ## - الوصف المادى
التعداد 636 ص ؛
أبعاد الوعاء 22 سم
650 04 - المدخل الاضافى بالموضوع-مصطلح موضوعى
مصطلح موضوعي الفنادق
650 04 - المدخل الاضافى بالموضوع-مصطلح موضوعى
مصطلح موضوعي السياحة
650 04 - المدخل الاضافى بالموضوع-مصطلح موضوعى
مصطلح موضوعي الفنادق - تنظيم وادارة
942 ## - عناصر المدخل الإضافي( كوها)
مصدر التصنيف او مخطط الترفيف Dewey Decimal Classification
Koha [default] item type كتاب
260 ## - PUBLICATION, DISTRIBUTION, ETC. (IMPRINT)
-- القاهرة :
-- المجلس الاعلى للثقافة ،
Holdings
حالة التراجع حالة الفقد حالة تلف ليس للاعارة المكان المؤقت الموقع الحالى تاريخ الاكتساب اجمالي اﻻعارات رقم الطلب الباركود تاريخ اخر مشاهدة تاريخ تفعيل السعر نوع وعاء كوها
        مكتبة القاهرة الكبرى مكتبة القاهرة الكبرى 03/26/2014   338.4791\ م ب 6429 03/26/2014 03/26/2014 كتاب

Powered By

EGPV